| 000 | 00766nam a2200229 a 4500 | ||
|---|---|---|---|
| 001 | 000023070 | ||
| 005 | 20200930021952.0 | ||
| 008 | 101125s1969 sp r 000 p spa d | ||
| 040 |
_aDO-SdBNP _bspa _cBNPHU |
||
| 082 |
_a861.5 _bB398r |
||
| 100 | 1 |
_aBecquer, Gustavo Adlofo _947490 |
|
| 245 | 1 | 0 |
_aRimas y prosas / _cGustavo Adlofo Becquer ; edición y prólogo de Rafael de Balbin, Antonio Roldan. |
| 260 |
_aMadrid : _bRialp, _c1969. |
||
| 300 |
_a266 p. ; _c23 cm. |
||
| 490 | 1 |
_aMaestras de la Lengua Castellana; _v5 |
|
| 650 | 4 |
_aPoesía española _9631 |
|
| 650 | 4 |
_aLiteratura española _9632 |
|
| 700 | 1 |
_aBalbin, Rafael de _eed. _947491 |
|
| 700 | 1 |
_aRoldan, Antonio _eed. _947492 |
|
| 830 | 0 |
_aMaestras de la Lengua Castellana; _v5 _947493 |
|
| 049 | _aBNGR | ||
| 999 |
_c22567 _d22567 |
||